Spark: big data cluster computing in production. (Record no. 195520)

MARC details
000 -LEADER
fixed length control field 00724nam a2200241Ia 4500
003 - CONTROL NUMBER IDENTIFIER
control field OSt
005 - DATE AND TIME OF LATEST TRANSACTION
control field 20251024102151.0
008 - FIXED-LENGTH DATA ELEMENTS--GENERAL INFORMATION
fixed length control field 210716s2016 xx 000 0 und d
020 ## - INTERNATIONAL STANDARD BOOK NUMBER
International Standard Book Number 9788126562480
040 ## - CATALOGING SOURCE
Transcribing agency AIMIT LIBRARY
041 ## - LANGUAGE CODE
Language code of text/sound track or separate title eng
082 ## - DEWEY DECIMAL CLASSIFICATION NUMBER
Classification number 005.76821
Edition number 1
Item number GANI
100 ## - MAIN ENTRY--PERSONAL NAME
Personal name Ganelin, Illya.
9 (RLIN) 242640
245 ## - TITLE STATEMENT
Title Spark: big data cluster computing in production.
Remainder of title Big data cluster computing in production.
250 ## - EDITION STATEMENT
Edition statement 1
260 ## - PUBLICATION, DISTRIBUTION, ETC.
Place of publication, distribution, etc. New Delhi
Name of publisher, distributor, etc. WILEY
Date of publication, distribution, etc. 2016
300 ## - PHYSICAL DESCRIPTION
Extent xxi,194
650 ## - SUBJECT ADDED ENTRY--TOPICAL TERM
Topical term or geographic name entry element Computer programming, programs, data(005)
9 (RLIN) 242641
700 ## - ADDED ENTRY--PERSONAL NAME
Personal name Orhian, Ema.
9 (RLIN) 242642
700 ## - ADDED ENTRY--PERSONAL NAME
Personal name Sasaki, Kai.
9 (RLIN) 242643
700 ## - ADDED ENTRY--PERSONAL NAME
Personal name York, Brennon.
9 (RLIN) 242644
942 ## - ADDED ENTRY ELEMENTS (KOHA)
Source of classification or shelving scheme Dewey Decimal Classification
Koha item type Book
Edition 1st
Call number prefix 005.76821 GANT
Holdings
Withdrawn status Lost status Source of classification or shelving scheme Damaged status Not for loan Collection code Home library Current library Source of acquisition Cost, normal purchase price Inventory number Total Checkouts Full call number Barcode Date last seen Cost, replacement price Price effective from Koha item type
    Dewey Decimal Classification     MCA St Aloysius Institute of Management & Information Technology St Aloysius Institute of Management & Information Technology Knowledge World 499.00 Bill no:281;Bill dt:2016-10-07   005.76821 GANI MCA15029 05/23/2026 374.25 07/16/2021 Book